000 00607nam a22002057a 4500
005 20251108175524.0
008 250721s2017 xx 000 0 ara d
082 1 4 _a927.022/شوا
100 1 _aالشوابكة، ماجد محمد
245 1 0 _aمسرح الطفل و مسرحة المناهج /
264 1 _aعمان :
_bدار زهران للنشر والتوزيع،
_c2017.
300 _a125 ص.
650 1 7 _aالمسرح
650 1 7 _aالمسرح
650 1 7 _aالأطفال
650 1 7 _aالتعلم
650 1 7 _aأساليب التدريس
942 _2ddc
_cBK
999 _c136091
_d136091